Bilecik Bilecik Bilecik Bilecik Bilecik

E-business innovation and process management/ (Record no. 11957)

MARC details
000 -BAŞLIK
Sabit Uzunluktaki Kontrol Alanı 01437nam a22003377a 4500
001 - KONTROL NUMARASI
Control Dosyası 0011988
003 - KONTROL NUMARASI KİMLİĞİ
Kontrol Alanı KOHA_MİRAKIL
005 - EN SON İŞLEM TARİHİ ve ZAMANI
Kontrol Alanı 20260207001835.0
007 - FİZİKSEL TANIM SABİT ALAN - GENEL BİLGİ
Sabit uzunluklu kontrol alanı ta
008 - SABİT UZUNLUKTAKİ VERİ ÖGELERİ - GENEL BİLGİ
Sabit Alan 090729b2007 enk |||gr||||#||||0|Eng |
020 ## - ISBN - ULUSLARARASI STANDART KİTAP NUMARASI
Isbn 1599042770
Nitelik bilgileri (hardcover)
020 ## - ISBN - ULUSLARARASI STANDART KİTAP NUMARASI
Isbn 9781599042770
Nitelik bilgileri (hardcover)
020 ## - ISBN - ULUSLARARASI STANDART KİTAP NUMARASI
Isbn 1599042789
Nitelik bilgileri (softcover)
020 ## - ISBN - ULUSLARARASI STANDART KİTAP NUMARASI
Isbn 9781599042787
Nitelik bilgileri (softcover)
020 ## - ISBN - ULUSLARARASI STANDART KİTAP NUMARASI
Isbn 1599042797
Nitelik bilgileri (ebook)
020 ## - ISBN - ULUSLARARASI STANDART KİTAP NUMARASI
Isbn 9781599042794
Nitelik bilgileri (ebook)
Kullanılabilirlik koşulları 127,14
040 ## - KATALOGLAMA KAYNAĞI
Özgün Kataloglama Kurumu TR-BiSEU
Kataloglama Dili tur
Çeviri Kurumu TR-BiSEU
Açıklama Kuralları rda
041 0# - DİL KODU
Metin ya da ses kaydının dil kodu Eng
044 ## - YAYINLAYAN/ÜRETEN KURULUŞUN ÜLKE KODU
ISO country code enk
050 ## - SINIFLAMA ve YER NUMARASI
Sınıflama Numarası HF5548.32
Yer Numarası .E17 2007
245 0# - ESER ADI BİLDİRİMİ
Başlık E-business innovation and process management/
Sorumluluk Bildirimi In Lee, [editor].
264 #1 - ÜRERİM, YAYIN, DAĞITIM ve TELİF BİLDİRİMİ
Yayın yeri Hershey, PA :
Yayınlayan CyberTech, c2007
Yayın tarihi 2007
300 ## - FİZİKSEL TANIMLAMA
Sayfa, Cilt vb. xi, 384 sayfa: resimli; 26 cm.
336 ## - İÇERİK TÜRÜ
Content type term metin
Content type code txt
Source rdacontent
337 ## - MEDYA TÜRÜ
Media type term aracısız
Media type code n
Source rdamedia
338 ## - TAŞIYICI TÜRÜ
Carrier type term cilt
Carrier type code nc
Source rdacarrier
500 ## - GENEL NOT
Genel Not Kaynakça ve dizin var.
505 ## - İÇİNDEKİLER NOTU
İçindekiler Notu "This book provides researchers and practitioners with valuable information on advances and developments in emerging e-business models and technologies; it covers a variety of topics, such as e-business models, e-business strategies, online consumer behavior, e-business process modeling and practices, electronic communication adoption and service provider strategies, privacy policies, and implementation issues"--Provided by publisher.
650 #0 - KONU BAŞLIĞI EK GİRİŞ - KONU TERİMİ
Konusal terim veya coğrafi ad Electronic commerce.
9 (RLIN) 3152
942 ## - EK GİRİŞ ÖGELERİ (KOHA)
Source of classification or shelving scheme Library of Congress Classification
Koha item type Book
Holdings
Materyal Türü Kalıcı Konum Mevcut Konum Raf Yeri Sınıflandırma Kaynağı Edinim Bilgisi Ana Konular Alt Konular Yer Numarası Demirbaş Numarası Fatura Tarihi Maliyet, Alış Fiyatı Maliyet, Yenileme Fiyatı Geri Çekilme Durumu Kayıp Durumu Hasarlı Durumu Kredi için değil Kayıt Tarih Toplam Ödünçverme Son Görülme Tarihi Son Kontrol Tarihi
Book Prof. Dr. Azmi Özcan Kütüphanesi Prof. Dr. Azmi Özcan Kütüphanesi Uluğbey Salonu Library of Congress Classification Satın SOSYAL BİLİMLER Ticaret HF5548.32 .E17 2007 0011988 23/12/2009 137.31 137.31         29/07/2009   05/12/2024 05/12/2024